| 000 | 00386nam a2200157Ia 4500 | ||
|---|---|---|---|
| 008 | 151213s9999 xx 000 0 und d | ||
| 100 | _aDuscauglover / Sarma | ||
| 245 |
_aPower Systems _cDuscauglover / Sarma |
||
| 250 | _a4th | ||
| 260 |
_aIndia _bC. Learning _c2008 |
||
| 300 | _a8551 p. | ||
| 650 | _aE.E.E. | ||
| 650 | _ascience | ||
| 700 | _aDuscauglover / Sarma | ||
| 999 |
_c4378 _d4378 |
||